Producao de antigeno e analise preliminar do teste de imunofluorescencia indireta para o diagnostico de anticorpos contra Anaplasma marginale (Registro n. 281000)
[ somente texto ]
| 000 -LÍDER | |
|---|---|
| campo de controle de tamanho fixo | 01225nac a22003257a 4500 |
| 001 - NÚMERO DE CONTROLE | |
| campo de controle | BR8800946 |
| 003 - IDENTIFICADOR DO NÚMERO DE CONTROLE | |
| campo de controle | BR-BrBNA |
| 005 - DATA E HORÁRIO DA ÚLTIMA TRANSAÇÃO | |
| campo de controle | 20240105120715.0 |
| 008 - CAMPO DE DADOS FIXOS--INFORMAÇÃO GERAL | |
| campo de controle de tamanho fixo | 230509b bl.|||m| |||| 00| 0 por d |
| 040 ## - FONTE DA CATALOGAÇÃO | |
| Instituição da catalogação original | BR-BrBNA |
| Idioma da catalogação | por |
| Instituição que transcreveu o registro | Biblioteca Nacional de Agricultura |
| 072 ## - CÓDIGO DE CATEGORIA DE ASSUNTO | |
| Código de Categoria de Assunto | L73; L72 |
| 090 ## - NÚMERO DE CHAMADA LOCAL | |
| Número de chamada | 5212 BR8800946 |
| 100 1# - ENTRADA PRINCIPAL--NOME PESSOAL | |
| Nome pessoal | Madruga, C.R. |
| 100 1# - ENTRADA PRINCIPAL--NOME PESSOAL | |
| Nome pessoal | Kessler, R.H. |
| 100 1# - ENTRADA PRINCIPAL--NOME PESSOAL | |
| Nome pessoal | Sacco, A.M.S. |
| 100 1# - ENTRADA PRINCIPAL--NOME PESSOAL | |
| Nome pessoal | Jesus, E.F. de |
| 100 1# - ENTRADA PRINCIPAL--NOME PESSOAL | |
| Nome pessoal | Miguita, C.T. |
| 110 1# - ENTRADA PRINCIPAL--NOME CORPORATIVO | |
| Nome corporativo ou nome da jurisdição | Centro Nacional de Pesquisa de Gado de Corte, Campo Grande, MS (Brasil) |
| 9 (RLIN) | 1771 |
| 245 1# - TÍTULO | |
| Título | Producao de antigeno e analise preliminar do teste de imunofluorescencia indireta para o diagnostico de anticorpos contra Anaplasma marginale |
| 246 1# - FORMA VARIANTE DO TÍTULO | |
| Título/título abreviado | [Antigens production and preliminary test of immumofluorescence for antibodies diagnoses against Anaplasma marginale] |
| 260 3# - PUBLICAÇÃO, DISTRIBUIÇÃO, ETC. | |
| Local de publicação, distribuição, etc. | Campo Grande, MS (Brasil): |
| Data da publicação, distribuição, etc. | 1986. |
| 300 ## - DESCRIÇÃO FÍSICA | |
| Extensão | 4 p. |
| 490 ## - TÍTULO DA SÉRIE | |
| Título da série | Pesquisa em Andamento - Centro Nacional de Pesquisa de Gado de Corte (Brazil) |
| Número do volume ou designação sequencial da série | no. 31 |
| ISSN - International Standard Serial Number | ISSN 0100-7858 |
| 650 ## - ASSUNTO--TERMO TÓPICO | |
| Cabeçalho tópico ou nome geográfico | BOVINO |
| 650 ## - ASSUNTO--TERMO TÓPICO | |
| Cabeçalho tópico ou nome geográfico | ANAPLASMOSE |
| 650 ## - ASSUNTO--TERMO TÓPICO | |
| Cabeçalho tópico ou nome geográfico | PROTOZOARIO |
| 650 ## - ASSUNTO--TERMO TÓPICO | |
| Cabeçalho tópico ou nome geográfico | IMUNOFLUORESCENCIA |
| 909 ## - | |
| -- | 202312 |
| -- | Lúcia Elande |
| -- | 55 |
| -- | Lúcia Elande |
| 942 ## - ELEMENTOS DE ENTRADA ADICIONADOS (KOHA) | |
| Fonte da classificação ou esquema de arquivamento na estante | Classificação AGRIS |
| Ocultar no OPAC | Não |
| Tipo de material Koha | Monografia Seriada |
| Situação do descarte | Fonte da classificação ou esquema de arquivamento na estante | Situação física | Não pode ser emprestado | Coleção | Biblioteca de origem | Biblioteca atual | Localização na estante | Total de empréstimos | Número de telefone completo | Código de barras | Data de último acesso | Tipo de material Koha | Fonte de aquisição |
|---|---|---|---|---|---|---|---|---|---|---|---|---|---|
| Classificação AGRIS | Biblioteca Nacional de Agricultura - Binagri | Biblioteca Nacional de Agricultura - Binagri | Agrobase - Acervo Geral | 5212 BR8800946 | 5212 BR8800946 | 18/12/2023 | Monografia Seriada | Portaria Interministerial nº 164/94 |

BINAGRI